<?xml version="1.0" encoding="UTF-8"?>
<record
    xmlns:xsi="http://www.w3.org/2001/XMLSchema-instance"
    xsi:schemaLocation="http://www.loc.gov/MARC21/slim http://www.loc.gov/standards/marcxml/schema/MARC21slim.xsd"
    xmlns="http://www.loc.gov/MARC21/slim">

  <leader>00925nam a22002057a 4500</leader>
  <controlfield tag="003">OSt</controlfield>
  <controlfield tag="005">20241107105212.0</controlfield>
  <controlfield tag="008">241106s2005    ag ||||| |||| 00| 0 spa d</controlfield>
  <datafield tag="020" ind1=" " ind2=" ">
    <subfield code="a">9870400949</subfield>
  </datafield>
  <datafield tag="040" ind1=" " ind2=" ">
    <subfield code="c">besoc</subfield>
  </datafield>
  <datafield tag="245" ind1="0" ind2="0">
    <subfield code="a">Noches de pesadilla :</subfield>
    <subfield code="b">antolog&#xED;a de cuentos de terror /</subfield>
    <subfield code="c">Ambrose Bierce ... [et al.]</subfield>
  </datafield>
  <datafield tag="260" ind1=" " ind2=" ">
    <subfield code="a">Buenos Aires :</subfield>
    <subfield code="b">Alfaguara,</subfield>
    <subfield code="c">2005</subfield>
  </datafield>
  <datafield tag="300" ind1=" " ind2=" ">
    <subfield code="a">142 p.</subfield>
  </datafield>
  <datafield tag="505" ind1="1" ind2=" ">
    <subfield code="t">El hombre y la serpiente /</subfield>
    <subfield code="r">Ambrose Bierce --</subfield>
    <subfield code="t">Napole&#xF3;n y el espectro /</subfield>
    <subfield code="r">Charlotte Bront&#xEB; --</subfield>
    <subfield code="t">La pata de mono /</subfield>
    <subfield code="r">William Wymark Jacobs --</subfield>
    <subfield code="t">Relato de los extra&#xF1;os sucesos de la calle Aungier /</subfield>
    <subfield code="r">Joseph Sheridan Le Fanu --</subfield>
    <subfield code="t">El invitado de Dr&#xE1;cula /</subfield>
    <subfield code="r">Bram Stoker.-</subfield>
  </datafield>
  <datafield tag="650" ind1=" " ind2="4">
    <subfield code="a">Literatura</subfield>
    <subfield code="v">Cuentos </subfield>
    <subfield code="x">Lengua inglesa </subfield>
    <subfield code="y">Siglo XIX</subfield>
    <subfield code="y">Siglo XX</subfield>
  </datafield>
  <datafield tag="700" ind1="1" ind2=" ">
    <subfield code="a">Bierce, Ambrose, </subfield>
    <subfield code="d">1842-1914?</subfield>
    <subfield code="e">autor,</subfield>
  </datafield>
  <datafield tag="700" ind1="1" ind2=" ">
    <subfield code="a">Bront&#xEB;, Charlotte, </subfield>
    <subfield code="d">1816-1855,</subfield>
    <subfield code="e">Autor</subfield>
  </datafield>
  <datafield tag="700" ind1="1" ind2=" ">
    <subfield code="a">Jacobs, William Wymark, </subfield>
    <subfield code="d">1863-1943,</subfield>
    <subfield code="e">Autor</subfield>
  </datafield>
  <datafield tag="942" ind1=" " ind2=" ">
    <subfield code="2">udc</subfield>
    <subfield code="c">OG</subfield>
    <subfield code="n">0</subfield>
  </datafield>
  <datafield tag="999" ind1=" " ind2=" ">
    <subfield code="c">373</subfield>
    <subfield code="d">373</subfield>
  </datafield>
  <datafield tag="952" ind1=" " ind2=" ">
    <subfield code="0">0</subfield>
    <subfield code="1">0</subfield>
    <subfield code="2">udc</subfield>
    <subfield code="4">0</subfield>
    <subfield code="7">0</subfield>
    <subfield code="8">CG</subfield>
    <subfield code="a">ESOCIALES</subfield>
    <subfield code="b">ESOCIALES</subfield>
    <subfield code="d">2024-11-06</subfield>
    <subfield code="l">0</subfield>
    <subfield code="o">82-34(41) N757</subfield>
    <subfield code="p">000440</subfield>
    <subfield code="r">2024-11-06 00:00:00</subfield>
    <subfield code="w">2024-11-06</subfield>
    <subfield code="y">OG</subfield>
  </datafield>
</record>
